000 00772nam a22002297a 4500
003 OSt
005 20250820013614.0
008 250820t2020 |||||||| |||| 00| | eng d
020 _a978-0-367-02902-9
040 _cJMCFI - Learning Resource Center
082 _aFil./Crim. 614.1 B855 2020
100 _aBright, Jo-Anne
_941030
245 _aForensic DNA profiling :
_ba practical guide to assigning likelihood ratios /
_cJo-Anne Bright and Michael D. Coble.
260 _aFlorida :
_bCRC Press,
_c2020.
300 _axv, 242 pages ;
_c24 cm
500 _aIncludes indexes.
504 _aIncludes bibliographical references.
650 _aDNA profiling.
_941031
650 _aForensic DNA profiling.
_941032
700 _aCoble, Michael D
_941033
942 _2ddc
_cBK
_n0
999 _c13223
_d13223